[Event "EICC 2017"]
[Site "Minsk"]
[Date "2017.06.05"]
[Round "6"]
[White "Shomoev, Anton"]
[Black "Davtyan, Artur"]
[Result "1/2-1/2"]
[WhiteElo "2550"]
[BlackElo "2216"]
[Annotator "TA"]
[PlyCount "128"]
[EventDate "2017.??.??"]
[EventCountry "BLR"]
[SourceTitle "playchess.com"]
[Source "ChessBase"]
[SourceQuality "1"]

{[%evp 15,128,19,18,11,8,28,31,39,41,33,45,47,57,57,58,57,57,57,57,53,66,46,49,50,64,54,62,52,73,71,77,75,78,82,72,72,61,51,50,33,75,79,93,93,93,93,93,87,127,115,131,132,160,157,127,120,120,120,118,111,98,88,77,70,85,80,116,116,144,89,88,0,143,0,98,45,86,59,143,56,147,79,82,89,74,82,104,35,35,18,29,28,37,37,28,19,41,0,0,0,0,0,0,0,0,0,0,0,0,0,0,0,0,0,0]} 1. e4 e5 2. Nf3 Nc6 3. Bb5 Nf6 4. d3 Bc5 5. c3 d6 6. O-O O-O 7. Re1 {C65: Ruy Lopez: Berlin Defence (3...Nf6), unusual lines and 4 0-0 Bc5} (7. Nbd2 Ne7 8. Re1 c6 9. Ba4 Ng6 10. d4 exd4 11. cxd4 Bb6 12. Bc2 Bg4 13. h3 Bh5 14. g4 Nxg4 15. hxg4 Bxg4 {1-0 (41) Yu,Y (2750)-Potkin,V (2594) Fufeng 2017}) 7... h6 8. h3 a6 {LiveBook: 4 Games} 9. Bxc6 bxc6 10. d4 exd4 11. cxd4 Bb6 12. Nc3 $146 ({Predecessor:} 12. Nbd2 Re8 13. b3 {½-½ (60) Kula,D (2074)-Liduch,F (1863) Frydek Mistek 2014}) 12... Re8 13. Qc2 d5 14. e5 Ne4 15. Nxe4 Bf5 16. Nf6+ ({Stronger than} 16. Qxc6 dxe4 17. Nd2 Bxd4 $17) 16... Qxf6 $1 17. Qc3 Qd8 18. Bf4 Re6 19. Rac1 Qe7 20. Kh2 a5 21. a4 Be4 22. Nd2 Qb4 23. Nxe4 dxe4 24. Qxb4 axb4 25. Rc4 $1 Rxa4 26. g4 g5 27. Bg3 Kg7 28. Rxe4 Ba5 29. Kg2 Ra1 30. h4 Rd1 31. Kf3 Kf8 32. Re2 Ke8 33. Ke4 Kd7 34. b3 Bb6 35. Rxb4 c5 36. dxc5 $1 Bxc5 37. Rc4 Be7 38. hxg5 (38. h5 {looks sharper.} Bd6 39. Re3 f6 40. Rd4 Rf1 41. Kf3) 38... hxg5 39. Re3 Rb6 40. Kf5 c5 41. Ra4 Rd5 42. Ra7+ (42. f4 $142) 42... Ke8 $16 43. Ra4 ({Better is} 43. Ra8+ $1 Kd7 44. Ra4) 43... Kd7 $1 44. Rc4 (44. f4 $16) 44... Ke8 (44... Rd1 $1 $11) 45. f3 (45. f4 $16) 45... Kd7 46. Ra4 Ke8 (46... f6 $14) 47. Rc3 (47. f4 $1 $16) 47... Kf8 {[#]} (47... f6 $14) 48. Ke4 ({White should try} 48. f4 $1) 48... Rd2 49. f4 gxf4 50. Bxf4 Rb2 {[#]} 51. Rh3 (51. Ra8+ $1 $16 Kg7 52. Ra7) 51... Kg7 $14 52. Kf5 {Hoping for Ra8.} (52. g5 $5 {[%cal Ra4a7]}) 52... R2xb3 {[#]} 53. Bh6+ $1 {[%mdl 512]} Kg8 (53... Rxh6 54. Rxb3) 54. Rxb3 Rxb3 {[%mdl 4096] Endgame KRB-KRB} 55. Ra7 Bh4 56. e6 Rf3+ $1 {The position is equal.} ({Not} 56... fxe6+ $2 57. Kg6 $18) 57. Ke4 Rf6 58. Ra8+ Kh7 59. exf7 Rxf7 60. Bf8 Be7 61. Bxe7 Rxe7+ 62. Kd5 Rg7 63. Kxc5 Rg5+ 64. Kd6 Rxg4 {Precision: White = 52%, Black = 54%.} 1/2-1/2

[Event "EICC 2017"]
[Site "Minsk"]
[Date "2017.06.05"]
[Round "6"]
[White "Blomqvist, Erik"]
[Black "Assaubayeva, Bibisara"]
[Result "1-0"]
[WhiteElo "2546"]
[BlackElo "2224"]
[Annotator "TA"]
[PlyCount "81"]
[EventDate "2017.??.??"]
[EventCountry "BLR"]
[SourceTitle "playchess.com"]
[Source "ChessBase"]
[SourceQuality "1"]

{[%evp 26,81,64,53,82,73,90,88,90,51,103,88,119,116,107,105,145,132,151,151,143,143,160,158,147,144,175,176,174,164,179,175,164,168,224,196,185,185,246,242,239,225,357,312,372,352,768,343,772,766,758,751,743,665,706,675,789,772]} 1. Nf3 d5 2. g3 Nf6 3. Bg2 c6 4. c4 Bg4 5. cxd5 cxd5 6. Ne5 Bf5 7. Nc3 Nbd7 8. Qa4 e6 9. g4 Bg6 10. h4 Bc2 {A11: English Opening: 1...c6} (10... a6 11. Nxd7 Qxd7 12. Qxd7+ Kxd7 13. h5 Be4 14. f3 Bc2 15. g5 Ne8 16. d3 d4 17. Kd2 dxc3+ 18. Kxc2 cxb2 19. Bxb2 {1-0 (46) Jobava,B (2651)-Wang,H (2610) Taiyuan 2006}) 11. Nxf7 Bxa4 12. Nxd8 Rxd8 13. Nxa4 Nxg4 14. Bh3 $1 {[%cal Rh3g4] LiveBook: 3 Games} Ndf6 {[#]} 15. f3 $146 ({Predecessor:} 15. Rg1 Ne5 16. Bxe6 d4 17. b3 Ng6 18. Rh1 {1-0 (45) Grandelius,N (2515)-Mammadov,Z (2235) Fermo 2009}) 15... Ne5 16. Bxe6 d4 17. b3 b5 ({Better is} 17... Ke7 $14 18. Bc4 Nxc4 19. bxc4 Kf7) 18. Nb2 $16 d3 {[#]} 19. Nxd3 $1 Nxd3+ 20. exd3 Bc5 21. Bb2 Bd4 22. Bxd4 Rxd4 23. Rc1 {Strongly threatening Rc8+.} Ke7 24. Bf5 {And now Rc7+ would win.} g6 25. Be4 $1 a5 26. Rg1 Rhd8 27. Rc2 a4 28. Rg5 axb3 29. axb3 b4 (29... Rb4 $142 30. Rc3 Rd7) 30. Rb5 Nxe4 31. dxe4 $18 {[%mdl 4096] Endgame KRR-KRR} ({Don't do} 31. fxe4 $6 Rxd3 32. Rxb4 R8d7 $16) 31... Rd3 (31... R8d7 $142 32. Ke2 Kf7) 32. Ke2 Rxb3 33. Rb7+ Ke6 (33... Rd7 $142 34. Rcc7 Rxc7 35. Rxc7+ Kd6 36. Rxh7 Rb1) 34. Rxh7 Rb1 35. f4 {[%cal Bf3f4,Bf4f5][%mdl 32]} b3 $2 (35... Kd6 36. Rhc7 Rd7) 36. Rc6+ Rd6 {[#]} 37. f5+ $1 {White is clearly winning.} Ke5 (37... gxf5 38. Rh6+) 38. Re7+ Kf6 39. Rxd6+ Kxe7 40. Rxg6 b2 {aiming for ...Ra1.} 41. Rb6 {Precision: White = 91%, Black = 45%.} 1-0

[Event "EICC 2017"]
[Site "Minsk"]
[Date "2017.06.05"]
[Round "6"]
[White "Forcen Esteban, Daniel"]
[Black "Volokitin, Andrei"]
[Result "1-0"]
[WhiteElo "2545"]
[BlackElo "2649"]
[Annotator "TA"]
[PlyCount "91"]
[EventDate "2017.??.??"]
[EventCountry "BLR"]
[SourceTitle "playchess.com"]
[Source "ChessBase"]
[SourceQuality "1"]

{[%evp 25,91,33,22,19,81,83,58,43,64,81,68,33,58,33,72,54,58,57,53,54,57,65,97,95,90,80,89,71,225,204,237,239,406,405,390,380,602,611,619,610,586,563,582,591,584,577,730,710,785,766,902,891,1443,1334,29984,29985,29987,29988,29988,29989,29989,29990,29992,29993,29993,29994,29994,29994]} 1. e4 c5 2. Nf3 d6 3. d4 cxd4 4. Nxd4 Nf6 5. Nc3 a6 6. Be3 e5 7. Nb3 Be6 8. Qd2 Nbd7 9. f3 h5 10. Nd5 {B90: Sicilian Najdorf: Unusual White 6th moves, 6 Be3 Ng4 and 6 Be3 e5} Bxd5 11. exd5 g6 12. Be2 Qc7 13. Rc1 Bg7 {LiveBook: 4 Games} 14. O-O {[#]} h4 $146 (14... O-O $11) ({Predecessor:} 14... O-O 15. c4 b6 16. Na1 Kh7 {1-0 (64) So,W (2731)-Dominguez Perez,L (2768) Havana 2014}) 15. c4 $16 b6 16. Na1 {[%cal Bb3a1,Ba1c2,Bc2a3,Ba3b5][%mdl 32]} a5 17. Nc2 Nh5 18. Rfe1 Nc5 19. b3 f5 20. Bf1 Kf7 21. Na3 f4 22. Bf2 h3 23. Nb5 $36 {[%mdl 2048] White is more active.} Qd7 24. gxh3 Bf6 25. Qc2 Ng7 {[#]} 26. a3 $1 {[%cal Ba2a3,Ba3b4][%mdl 32]} Bh4 $2 (26... a4 $16) 27. Bxh4 $18 Rxh4 28. b4 axb4 $2 (28... Nb7 29. c5 dxc5 30. Rxe5 (30. bxc5 Nxc5 31. Rxe5 Re8 $18) 30... Re8) 29. axb4 Na6 30. Qf2 $1 {[%csl LRb6,LRh4]} Qd8 {[#]} (30... Nf5 $142 31. Qxb6 Rhh8) 31. Nxd6+ $1 {[%mdl 512]} Qxd6 32. Qxh4 Nxb4 33. Ra1 Ra5 34. Rxa5 bxa5 35. Qf2 Nf5 36. Qa7+ Kf6 37. Qxa5 Nd4 38. Rb1 Nxf3+ 39. Kh1 Nd2 40. Rxb4 {White mates.} Kf5 41. Rb6 Qd8 42. Bd3+ e4 43. d6+ {[%cal Bd5d6,Bd6d7][%mdl 32]} Kf6 44. d7+ Kf7 45. Qd5+ Kg7 46. Qe5+ {Precision: White = 82%, Black = 36%.} 1-0

[Event "EICC 2017"]
[Site "Minsk"]
[Date "2017.06.05"]
[Round "6"]
[White "Alonso Rosell, Alvar"]
[Black "Lysyj, Igor"]
[Result "1/2-1/2"]
[WhiteElo "2536"]
[BlackElo "2643"]
[Annotator "TA"]
[PlyCount "117"]
[EventDate "2017.??.??"]
[EventCountry "BLR"]
[SourceTitle "playchess.com"]
[Source "ChessBase"]
[SourceQuality "1"]

{[%evp 10,117,20,18,27,27,32,27,33,15,21,23,23,21,27,27,20,15,29,19,20,20,25,-9,-9,-16,38,43,41,27,35,45,62,62,62,62,62,62,62,62,62,62,62,62,62,62,62,62,62,62,62,62,84,62,86,86,90,70,92,60,86,86,86,86,86,85,85,0,86,86,86,86,86,86,86,60,60,60,60,60,60,60,60,60,60,60,60,16,60,60,60,60,60,60,60,60,60,0,60,7,7,7,7,7,7,7,7,7,7,7]} 1. d4 Nf6 2. c4 e6 3. g3 Bb4+ 4. Nd2 c5 5. a3 Bxd2+ 6. Qxd2 Nc6 {E00: Catalan Bogo-Indian (3 g3 Bb4+)} (6... cxd4 7. Nf3 b6 8. b4 Bb7 9. Qxd4 Nc6 10. Qf4 a5 11. b5 Ne7 12. Bb2 Ng6 13. Qe3 d6 14. Bg2 O-O 15. O-O e5 {½-½ (32) Riazantsev,A (2671)-Eljanov,P (2759) Sharjah 2017}) 7. dxc5 Ne4 8. Qc2 Qa5+ $1 {White has an edge.} 9. Bd2 ({Don't play} 9. b4 Nxb4 10. axb4 Qxa1 $17) 9... Nxd2 10. Qxd2 Qxc5 11. Rc1 a5 12. Bg2 O-O 13. Nf3 b5 14. cxb5 Qxb5 {[#]} 15. O-O $146 d5 16. e4 dxe4 17. Ng5 $1 {[%cal Rg5e4]} Bb7 (17... Ba6 $11 18. Nxe4 (18. Bxe4 Rad8 $15) 18... Rad8) 18. Nxe4 $14 {[#] And now Nd6 would win.} ({Much worse is} 18. Bxe4 Rad8 $15) 18... Rad8 19. Qg5 Qxg5 20. Nxg5 h6 {Threatens to win with ...Nd4.} 21. Nxe6 fxe6 22. Bxc6 Bxc6 23. Rxc6 {[%mdl 4096] Endgame KRR-KRR} Rd2 24. Rxe6 Rxb2 25. Re5 Rf3 26. Rxa5 Ra2 27. a4 Rfa3 28. Rd1 Rxa4 29. Rd8+ Kh7 30. Rf5 Ra8 31. Rd7 (31. Rdd5 {keeps more tension.} g5 32. Rf6 R2a6 33. Rd7+ Kg8 34. Rff7) 31... R2a7 32. Rdd5 Kg8 33. Kg2 Rf7 34. g4 Rxf5 35. Rxf5 {KR-KR} Ra4 36. Kg3 Ra3+ 37. Rf3 Ra5 38. Rf5 Ra3+ $1 {[#]} 39. f3 $1 g6 40. Rb5 g5 41. Rf5 Kg7 42. Re5 Kf6 43. Rb5 (43. Rd5 {is more complex.} Rc3 44. Rf5+ Kg6 45. Ra5 Rb3 46. h3) 43... Kg6 44. Rb6+ Kg7 45. Re6 Rb3 46. Kf2 Rb2+ 47. Re2 $1 {[%cal Re2b2]} Rb1 48. Re3 Kf6 49. Kg2 Ra1 50. Rb3 Kg6 51. Rb6+ Kg7 52. Rb7+ Kg6 53. Rb6+ Kg7 54. h4 (54. Rc6 $14) 54... gxh4 $11 {The position is equal.} 55. Rb5 Kg6 56. Rh5 Ra2+ 57. Kh3 Ra3 58. Rf5 h5 $1 59. Kxh4 {Precision: White = 57%, Black = 72%.} 1/2-1/2

[Event "EICC 2017"]
[Site "Minsk"]
[Date "2017.06.05"]
[Round "6"]
[White "Steinberg, Nitzan"]
[Black "Jobava, Baadur"]
[Result "0-1"]
[WhiteElo "2532"]
[BlackElo "2713"]
[Annotator "TA"]
[PlyCount "66"]
[EventDate "2017.??.??"]
[EventCountry "BLR"]
[SourceTitle "playchess.com"]
[Source "ChessBase"]
[SourceQuality "1"]

{[%evp 11,66,52,35,34,54,16,25,39,24,26,28,-25,-26,-29,13,-19,-26,-37,-43,-63,-52,-52,-64,-157,-158,-235,-250,-238,-241,-243,-233,-226,-217,-238,0,-286,-30,-35,119,0,0,0,0,-237,7,-188,-124,-577,-568,-622,-622,-622,-581,-971,-964,-917,-905]} 1. e4 c6 2. d4 d5 3. e5 Bf5 4. Nf3 e6 5. Be2 f6 6. O-O {B12: Caro-Kann: Advance Variation} fxe5 {LiveBook: 4 Games} 7. dxe5 Bc5 8. Nbd2 {White is slightly better.} (8. b4 $5 {[%cal Rb4c5]} Bb6 9. Bb2 $14) 8... Ne7 9. Nb3 Bb6 10. c4 $146 ({Predecessor:} 10. Nfd4 O-O 11. c4 Nd7 12. g4 Bxd4 13. Nxd4 {½-½ (68) Vachier Lagrave,M (2754)-Jobava,B (2699) Khanty-Mansiysk 2015}) 10... Nd7 {[%cal Bb8d7,Bd7c5,Bc5e4][%mdl 32]} 11. Bf4 (11. Nfd4 $142) 11... O-O $11 12. Bg3 Nc5 13. Nfd4 (13. Rc1 $5 {[%cal Rb3c5]}) 13... Ne4 14. Rc1 a5 {[%cal Ba7a5,Ba5a4,Ba4b3,Bb3a2][%mdl 32] aiming for ...a4.} 15. c5 a4 16. cxb6 axb3 17. Bh4 (17. axb3 $15 Qxb6 18. Bf4) 17... g5 $17 18. f3 (18. g4 $17 bxa2 19. gxf5 gxh4 20. Nxe6 Qxb6 21. Nxf8 Rxf8 22. Bd3 Nxf5 23. Bxe4 dxe4 24. b4) 18... gxh4 $19 19. fxe4 Qxb6 (19... dxe4 20. Nxf5 Rxf5 21. Rxf5 $15) 20. exf5 Nxf5 21. Rf4 bxa2 {Threatens to win with ...Nxd4.} 22. Ra1 Rf7 $2 (22... Qxb2 $19 {And now ...Ne3 would win.} 23. Nxf5 Rxf5) 23. Qb3 $2 {[%mdl 8192]} (23. Bh5 $11 Rg7 24. Bg4) 23... Qa7 $2 (23... Nxd4 $19 24. Rg4+ (24. Qxb6 $2 {too greedy.} Nxe2+ 25. Kh1 Nxf4 $19) 24... Kh8 25. Qxb6 Nxe2+ 26. Kh1 Raf8) 24. Qc3 Raf8 $2 (24... Nxd4 $15 {keeps the upper hand.} 25. Rxd4 Kh8) 25. Kh1 (25. Bh5 $1 $16 {[%cal Rh5f7]} Rg7 26. Qa3 Qxa3 27. bxa3 Nxd4 28. Rxd4) 25... Nxd4 $11 26. Rxd4 Rf2 $36 {[%mdl 2048] White is under pressure.} 27. Bd3 $2 {[#]} (27. Qd2 $11) 27... R8f7 $2 (27... h3 $1 $19 {[%cal Rh3g2][%mdl 512]} 28. gxh3 Kh8) 28. h3 $2 (28. Rxh4 $11 {and White stays safe.} Kh8 29. Qc1) 28... h5 (28... Kh8 $19 29. Rg4 Qb6) 29. Rxh4 $2 {[%mdl 8192] [#]} (29. b3 $17 {is a better chance.} Kg7 30. b4 (30. Ra4 $2 Qe3 $19)) 29... Rxg2 $1 $19 {[%mdl 512] Black is clearly winning.} 30. Kxg2 Qf2+ 31. Kh1 {Hoping for Qe1.} Qxh4 32. Bc2 {[#]} Qf2 $1 {( -> ...Rg7)} 33. Qd3 Rg7 {Precision: White = 25%, Black = 56%.} 0-1

[Event "EICC 2017"]
[Site "Minsk"]
[Date "2017.06.05"]
[Round "6"]
[White "Ladva, Ottomar"]
[Black "Leko, Peter"]
[Result "1/2-1/2"]
[WhiteElo "2530"]
[BlackElo "2703"]
[Annotator "TA"]
[PlyCount "49"]
[EventDate "2017.??.??"]
[EventCountry "BLR"]
[SourceTitle "playchess.com"]
[Source "ChessBase"]
[SourceQuality "1"]

{[%evp 19,49,14,8,5,12,0,16,1,0,0,0,0,0,0,0,7,0,0,10,0,10,0,0,0,0,0,0,0,0,0,0,0]} 1. d4 Nf6 2. c4 e6 3. Nf3 b6 4. g3 Ba6 5. b3 Bb4+ 6. Bd2 Be7 7. Bg2 d5 8. cxd5 exd5 9. Nc3 O-O 10. O-O Re8 {The position is equal.} 11. Ne5 {E15: Queen's Indian: 4 g3 sidelines, 4 g3 Ba6 and 4 g3 Bb7 early deviations} Bb7 12. Qc2 Nbd7 13. Rad1 {[#]} h6 $146 ({Predecessor:} 13... c6 14. e4 Nf8 15. Rfe1 Ne6 16. Bc1 Rc8 17. a3 Bd6 18. Nf3 c5 19. dxc5 Rxc5 {½-½ (43) Matlakov,M (2701)-Bosiocic,M (2602) Moscow 2017}) 14. Qf5 {Black must now prevent Nxd5!} Nf8 15. e4 dxe4 16. Nxe4 Bxe4 17. Bxe4 Nxe4 18. Qxe4 Bd6 19. Qf3 Qe7 20. Rfe1 Bxe5 21. Rxe5 Qd7 22. Rd5 Qe7 23. Re5 Qd7 24. Rd5 Qe7 25. Re5 1/2-1/2

[Event "EICC 2017"]
[Site "Minsk"]
[Date "2017.06.05"]
[Round "6"]
[White "Plat, Vojtech"]
[Black "Movsesian, Sergei"]
[Result "0-1"]
[WhiteElo "2522"]
[BlackElo "2680"]
[Annotator "TA"]
[PlyCount "80"]
[EventDate "2017.??.??"]
[EventCountry "BLR"]
[SourceTitle "playchess.com"]
[Source "ChessBase"]
[SourceQuality "1"]

{[%evp 18,80,39,21,22,10,29,0,5,-23,-14,-20,0,-10,0,0,0,0,-6,-16,0,0,0,0,27,14,19,14,22,-98,-92,-98,-91,-65,-70,-51,-18,-64,-53,-192,-199,-191,-185,-197,-207,-297,-274,-308,-252,-352,-362,-350,-326,-279,-231,-2202,-2119,-1447,-453,-434,-422,-388,-397,-398,-384]} 1. e4 c5 2. Nf3 Nc6 3. d4 cxd4 4. Nxd4 Qb6 5. Nb3 Nf6 6. Nc3 e6 7. Be3 Qc7 8. a3 a6 9. f4 d6 10. Be2 Be7 {B33: Sicilian: Pelikan and Sveshnikov Variations} 11. O-O (11. g4 b5 12. g5 Nd7 13. Bf3 Bb7 14. Qe2 Nb6 15. a4 Nxa4 16. Nxa4 bxa4 17. Rxa4 O-O 18. O-O {½-½ (55) Baramidze,D (2561)-Korneev,O (2606) Austria 2007}) 11... O-O 12. Qe1 b5 {The position is equal.} 13. Nd4 Bb7 14. Qg3 Kh8 15. Nxc6 Bxc6 16. Bd4 $146 ({Predecessor:} 16. Bd3 Qb7 17. Bd4 d5 18. Rae1 b4 19. exd5 Bxd5 20. axb4 Qxb4 21. Be5 Bc5+ 22. Kh1 {1-0 (39) Bieluczyk,B-Gyulai,L Hrabyne 1996}) 16... Rad8 17. Bf3 Rg8 18. Rad1 Nd7 19. Bh5 Rdf8 20. e5 dxe5 (20... a5 {is more complex.} 21. Ne2 Nb6 22. f5 Nc4 23. fxe6 fxe6 24. Bg6 dxe5 25. Bxh7 Kxh7 26. Qh3+ Kg6) 21. fxe5 f6 {[%cal Rd7e5]} 22. Bg6 {aiming for Qh3.} Nxe5 23. Bxe5 (23. Ne2 $1 $11 {remains equal.}) 23... fxe5 $17 24. Bxh7 Kxh7 25. Qh3+ Kg6 {[%cal Bh7g6,Bg6g5,Bg5h5,Bh5h6,Bh6g7][%mdl 32]} 26. Qxe6+ Kg5 $1 27. h4+ $1 Kh5 {And now ...g5 would win.} 28. Ne2 (28. Kh2 $1 $15 Rh8 29. Rxf8 Rxf8 30. Nd5 Bxd5 31. Rxd5) 28... g6 $1 $19 {[%cal Bg7g6,Bg6f5][%mdl 32] Threatens to win with ...Kh6.} ({Don't go for} 28... Kxh4 $2 29. Qg6 $18) 29. Ng3+ Kh6 30. Nf5+ {[#]} Rxf5 $1 31. Rxf5 {[#]} (31. Qxg8 {might work better.} Bc5+ 32. Kh2) 31... Re8 $1 {Strongly threatening ...Bc5+.} ({Weaker is} 31... Bxh4 32. Rd6 $17) 32. Qxe5 Qa7+ 33. Kh2 {Hoping for Rf7.} gxf5 34. Qe6+ {[#]} Kg7 $1 35. Qxc6 Rh8 36. Qc3+ $2 (36. g3) 36... Bf6 37. Qg3+ Kf8 (37... Kf7 $142 38. Qb3+ Kf8 39. Qb4+ Kg7) 38. Qd6+ Be7 39. Qe5 Rxh4+ 40. Kg3 Rh5 {Precision: White = 42%, Black = 50%.} 0-1

[Event "EICC 2017"]
[Site "Minsk"]
[Date "2017.06.05"]
[Round "6"]
[White "Mastrovasilis, Athanasios"]
[Black "Motylev, Alexander"]
[Result "0-1"]
[WhiteElo "2512"]
[BlackElo "2665"]
[Annotator "TA"]
[PlyCount "142"]
[EventDate "2017.??.??"]
[EventCountry "BLR"]
[SourceTitle "playchess.com"]
[Source "ChessBase"]
[SourceQuality "1"]

{[%evp 17,142,-12,1,-15,-12,-18,0,0,0,-21,0,-14,-14,-18,-15,-16,-8,-8,-5,-20,-22,-22,-2,-6,-8,-14,-13,-13,-20,-18,-20,-27,-15,-54,-45,-45,-48,-62,-52,-60,-67,-99,-101,-118,-77,-77,-79,-79,-73,-87,-87,-102,-102,-99,-97,-101,-93,-103,-95,-101,-91,-94,-89,-93,-86,-114,-118,-114,-110,-128,-120,-157,-162,-156,-133,-130,-89,-96,-89,-89,-117,-133,-93,-133,-133,-133,-112,-112,-89,-314,-331,-365,-302,-419,-410,-12833,-12832,-12835,-12835,-12836,-12836,-12836,-12828,-12828,-12828,-12828,-12828,-12830,-12828,-8148,-4687,-12837,-12837,-12837,-12838,-12843,-12843,-12843,-12843,-12844,-12843,-12844,-12841,-12843,-12843,-12845,-12844]} 1. Nf3 d5 2. g3 c6 3. Bg2 Bf5 4. O-O e6 5. d3 Nf6 6. c4 dxc4 7. dxc4 Nbd7 {A11: English Opening: 1...c6} 8. Nc3 h6 9. Bf4 Be7 {LiveBook: 11 Games. The position is equal.} 10. Qc1 Qa5 $146 ({Predecessor:} 10... Qb6 11. h3 O-O 12. g4 Bh7 13. Nd2 Rfd8 14. a3 a5 15. Be3 {1-0 (50) Aronian,L (2795)-Rodshtein,M (2664) Germany 2014}) 11. Rd1 e5 12. Bd2 Qa6 13. Bf1 (13. e4 $5 Nxe4 14. Nxe4 Bxe4 15. b3 $11) 13... Qb6 14. Be1 O-O 15. Nh4 {[%cal Bf3h4,Bh4f5,Bf5d6][%mdl 32]} Be6 16. Qc2 Rfd8 17. Nf5 Bf8 18. b3 a5 19. Ne4 Ng4 20. Nfd6 Qc7 21. h3 Ngf6 22. Nxf6+ Nxf6 23. Ne4 Nxe4 24. Qxe4 Bb4 $36 {[%mdl 2048] Black has the initiative.} 25. Qe3 Bxe1 26. Rxe1 Qd6 27. Qb6 Qd4 28. Qxb7 Qc5 $1 29. Bg2 Rdc8 $1 {And now ...Ra7 would win.} 30. a3 Rab8 31. b4 axb4 ({Much weaker is} 31... Rxb7 32. bxc5 Bxc4 33. Rac1 $11) 32. axb4 Qxc4 ({Don't play} 32... Rxb7 $6 33. bxc5 Bxc4 34. h4 $11) 33. Qa7 Qxb4 34. Rec1 c5 35. Ra4 Qd2 36. Rxc5 Qxe2 {aiming for ...Rb1+.} 37. Rxc8+ Rxc8 38. Ra1 g5 39. Qa5 Rc2 40. Qe1 Kg7 41. Bf1 Qxe1 42. Rxe1 $17 {[%mdl 4096] Endgame KRB-KRB} Rc5 43. f3 f5 44. f4 e4 45. Kf2 Kf6 46. Re3 Ra5 47. Rc3 Ra2+ 48. Be2 Ke7 49. Ke3 Kd6 50. Kf2 Ra1 51. h4 gxf4 52. gxf4 Rh1 53. h5 $2 (53. Kg2 $17 Ra1 54. Kf2) 53... Rh2+ $19 54. Ke3 Bf7 $1 55. Rc8 Bxh5 56. Bxh5 (56. Bb5 $142 Rb2 57. Bc4) 56... Rxh5 {KR-KR. Black is clearly winning.} 57. Rd8+ Ke6 58. Re8+ Kf7 59. Ra8 Rh3+ 60. Kd4 {[#]} Rb3 $1 61. Ra6 Kg7 62. Rc6 Rb8 63. Ke5 Rf8 64. Rc1 Kg6 65. Rg1+ {[#]} Kh5 $1 66. Ke6 Kh4 67. Ke7 Ra8 68. Kf6 Ra5 69. Kg6 h5 70. Kf6 e3 71. Re1 Kg4 {Precision: White = 48%, Black = 84%.} 0-1

[Event "EICC 2017"]
[Site "Minsk"]
[Date "2017.06.05"]
[Round "6"]
[White "Esipenko, Andrey"]
[Black "Fedorchuk, Sergey A"]
[Result "1/2-1/2"]
[WhiteElo "2509"]
[BlackElo "2621"]
[Annotator "TA"]
[PlyCount "104"]
[EventDate "2017.??.??"]
[EventCountry "BLR"]
[SourceTitle "playchess.com"]
[Source "ChessBase"]
[SourceQuality "1"]

{[%evp 23,104,0,0,0,0,0,3,3,14,14,5,14,13,0,9,0,5,0,0,0,0,0,0,0,0,5,36,0,13,0,0,0,0,7,22,0,29,0,18,20,23,23,32,31,29,27,23,20,41,13,19,20,16,13,25,8,16,16,22,18,24,12,21,24,17,18,22,9,14,6,7,6,6,6,7,0,0,-7,0,0,0,-7,0]} 1. d4 Nf6 2. c4 e6 3. Nf3 b6 4. g3 Bb4+ 5. Bd2 Be7 6. Bg2 c6 7. Qc2 d5 8. Bf4 O-O 9. O-O Bb7 10. Rd1 Nbd7 11. Ne5 Nh5 {E08: Closed Catalan: Main Line: 7 Qc2} 12. Bd2 Nhf6 {LiveBook: 97 Games} 13. cxd5 cxd5 14. Nc6 Bxc6 15. Qxc6 Rc8 16. Qb5 Ne8 {[%cal Bf6e8,Be8d6,Bd6c4][%mdl 32]} 17. Qd3 Ndf6 (17... Nd6 18. Nc3 Nf6 19. b3 Qd7 20. Rac1 Rfd8 21. Rc2 Nde4 22. Be1 {½-½ (22) Radjabov,T (2710)-Gelfand,B (2724) Moscow 2017}) 18. Nc3 Qd7 $146 ({Predecessor:} 18... Nd6 19. b3 {½-½ (35) Noeth,D (2146)-Felkel,S (2213) GER email 2012}) 19. Rac1 Nd6 20. Rc2 Nc4 21. Be1 b5 22. Nb1 h6 23. b3 Nd6 24. Rdc1 Nde4 25. Ba5 a6 26. f3 Nd6 27. Bd2 Nf5 28. Bh3 Nd6 29. Be1 Nh7 30. Bd2 (30. Nc3 $5 {[%cal Rc3d5]}) 30... Nf6 31. Nc3 Rfd8 32. Nd1 Nb7 33. Nf2 Ba3 34. Rxc8 Rxc8 35. Rc2 Be7 36. Be1 Nd8 37. Qd1 Rxc2 38. Qxc2 Nc6 39. Bc3 Qa7 40. e3 Qb6 41. Bf1 Nd7 42. Qd2 Bg5 43. Kg2 a5 44. a4 {The position is equal.} bxa4 45. bxa4 Ndb8 46. f4 Be7 47. Bb5 $36 {[%mdl 2048] White has some pressure.} Na6 48. Nd3 Nab4 49. Nxb4 Nxb4 50. Bb2 Nc6 51. Bc3 Nb4 52. Bb2 Nc6 {Precision: White = 61%, Black = 55%.} 1/2-1/2

[Event "EICC 2017"]
[Site "Minsk"]
[Date "2017.06.05"]
[Round "6"]
[White "Potapov, Pavel"]
[Black "Tomczak, Jacek"]
[Result "1/2-1/2"]
[WhiteElo "2497"]
[BlackElo "2615"]
[Annotator "TA"]
[PlyCount "69"]
[EventDate "2017.??.??"]
[EventCountry "BLR"]
[SourceTitle "playchess.com"]
[Source "ChessBase"]
[SourceQuality "1"]

{[%evp 18,69,-55,-58,-9,-4,22,18,48,43,80,74,64,62,115,120,88,46,44,56,36,21,42,44,71,40,40,34,47,25,25,25,47,50,46,44,60,61,66,66,71,63,68,59,57,26,26,26,28,26,26,26,30,26]} 1. e4 {[%cal Be2e4,Be4e5][%mdl 32]} e6 2. Nf3 d5 3. Nc3 Nf6 4. e5 Nfd7 5. d4 c5 6. dxc5 Nc6 7. Bf4 Nxc5 8. Qd2 {C11: French: Classical System: 4 e5 and 4 Bg5 dxe4} (8. h4 Be7 9. h5 f5 10. Rh3 O-O 11. Nb5 Ne4 12. c3 Qb6 13. Be3 Qa5 14. Nbd4 f4 15. Bd2 Qc7 16. Nxc6 bxc6 {1-0 (61) Nepomniachtchi,I (2718)-Ding,L (2680) St Petersburg 2012}) 8... Be7 9. O-O-O a6 10. h4 {LiveBook: 3 Games. Black is slightly better.} Qa5 11. Kb1 Nd7 $146 ({Predecessor:} 11... Bd7 12. h5 h6 13. Nd4 O-O-O 14. Nxd5 Qxd2 15. Nxe7+ Nxe7 16. Bxd2 {1-0 (30) Zakharov,A (2330)-Vavrak,P (2245) Tallinn 1997}) 12. Rh3 Bb4 13. Nd4 Nxd4 14. Qxd4 Qb6 15. Qd2 Nc5 ({Black should try} 15... O-O $14) 16. Qe3 Bd7 17. Ne2 (17. h5 {is more complex.} Bc6 18. Ne2 Na4 19. Qxb6 Nxb6 20. Rg3) 17... Na4 18. Qxb6 Nxb6 19. Rg3 g6 20. Nd4 Ba4 21. a3 Be7 22. Bg5 Nd7 23. Bxe7 Kxe7 24. f4 h5 25. b3 Bc6 $1 26. Rc3 Rhc8 27. a4 {[%cal Ba3a4,Ba4a5][%mdl 32]} Nf8 28. a5 Be8 29. Rxc8 Rxc8 30. Kb2 Nd7 31. b4 Nb8 {White has an edge.} 32. c3 Rc7 33. g3 Nc6 34. Rc1 Nxd4 35. cxd4 {Precision: White = 78%, Black = 48%.} 1/2-1/2